Zwycięzcy konkursów Pucharu Świata 2020/21 w skokach narciarskich - Statystyki

Ogólne statystyki
  • Ten quiz został rozwiązany 40 razy
  • Średni wynik to 24 z 25
Statystyki odpowiedzi
Data Miejscowość Skocznia Narodowość Zwycięzca % Poprawnych
3.01.2021 Innsbruck duża Polska Kamil Stoch
100%
6.01.2021 Bischofshofen duża Polska Kamil Stoch
100%
9.01.2021 Titisee-Neustadt duża Polska Kamil Stoch
100%
29.12.2020 Oberstdorf duża Niemcy Karl Geiger
100%
26.03.2021 Planica mamucia Niemcy Karl Geiger
100%
28.03.2021 Planica mamucia Niemcy Karl Geiger
100%
1.01.2021 Garmisch-Partenkirchen duża Polska Dawid Kubacki
97%
29.11.2020 Ruka duża Norwegia Halvor Egner Granerud
97%
5.12.2020 Niżny Tagił duża Norwegia Halvor Egner Granerud
97%
6.12.2020 Niżny Tagił duża Norwegia Halvor Egner Granerud
97%
19.12.2020 Engelberg duża Norwegia Halvor Egner Granerud
97%
20.12.2020 Engelberg duża Norwegia Halvor Egner Granerud
97%
10.01.2021 Titisee-Neustadt duża Norwegia Halvor Egner Granerud
97%
30.01.2021 Willingen duża Norwegia Halvor Egner Granerud
97%
31.01.2021 Willingen duża Norwegia Halvor Egner Granerud
97%
6.02.2021 Klingenthal duża Norwegia Halvor Egner Granerud
97%
7.02.2021 Klingenthal duża Norwegia Halvor Egner Granerud
97%
14.02.2021 Zakopane duża Norwegia Halvor Egner Granerud
97%
13.02.2021 Zakopane duża Japonia Ryōyū Kobayashi
97%
19.02.2021 Râșnov normalna Japonia Ryōyū Kobayashi
97%
25.03.2021 Planica mamucia Japonia Ryōyū Kobayashi
97%
17.01.2021 Zakopane duża Norwegia Marius Lindvik
84%
22.11.2020 Wisła duża Niemcy Markus Eisenbichler
82%
28.11.2020 Ruka duża Niemcy Markus Eisenbichler
82%
24.01.2021 Lahti duża Norwegia Robert Johansson
71%
Nie znaleziono quizów pasujących do podanych kryteriów
Rozkład punktacji
Procent ludzi z każdym wynikiem
Percentyl według liczby udzielonych odpowiedzi
Twoja historia wyników
Nie rozwiązałeś tego quizu